000 00718nam a2200205 i 4500
001 32338
003 ES-MaACL
005 20250809031522.0
007 t|
008 030131s1922 sp ||||1| spa d
100 1 _aBenito y Endara, Lorenzo,
_d1855-1932
_927698
245 1 0 _aDerecho mercantil /
_cLorenzo Benito y Endara ; tercera edición arreglada para las oposiciones al Cuerpo de Aspirantes a la Judicatura por Emilio Miñana y Villagrasa.
260 _aMadrid :
_bReus,
_c1922.
300 _a508 p. ;
_c23 cm.
650 7 _aDerecho mercantil
_2embne
_9135891
700 1 _aMiñana y Villagrasa, Emilio.
_981392
852 _aES-MaACL
_jA-616
852 _aES-MaACL
_jA-750
999 _c32338
_d32338